Handbook of trout and salmon diseases
保存先:
| 主要な著者: | , |
|---|---|
| フォーマット: | 図書 |
| 言語: | 英語 |
| 出版事項: |
Oxford
Fishing News Books
1997
|
| 版: | 3a. ed |
| 主題: | |
| タグ: |
タグ追加
タグなし, このレコードへの初めてのタグを付けませんか!
|
MARC
| LEADER | 00000nam a2200000 a 4500 | ||
|---|---|---|---|
| 001 | UCP6555 | ||
| 003 | CL-VaPUC | ||
| 008 | 991029e19970000UK |||||||||||||||||eng|d | ||
| 082 | 0 | 4 | |a 597.56 |b ROB |2 21 |
| 100 | 0 | |a Roberts, Ronald J |e author |9 435687 | |
| 700 | 0 | |a Shepherd, C. Jonathan |e author |9 435688 | |
| 245 | 1 | 0 | |a Handbook of trout and salmon diseases |
| 250 | |a 3a. ed | ||
| 300 | |a 179 p | ||
| 942 | |c BK | ||
| 945 | |d 19991029 00:00:00 |a vberengu | ||
| 260 | |a Oxford |b Fishing News Books |c 1997 | ||
| 650 | 7 | |a ENFERMEDADES DE LOS PECES |2 CL-VaPUC |9 259987 | |
| 650 | 7 | |a PECES |2 CL-VaPUC |9 435689 | |
| 650 | 7 | |a SALMON |2 CL-VaPUC |9 261349 | |
| 650 | 7 | |a TRUCHAS |2 CL-VaPUC |9 261157 | |
| 650 | 0 | |a Cultivo |9 264268 | |
| 650 | 7 | |a FISIOLOGIA MARINA |2 CL-VaPUC |9 353618 | |
| 650 | 7 | |a CONTAMINACION |2 CL-VaPUC |9 258139 | |
| 583 | |a last modification |c 19991029 00:00:00 |k Rodrigo Vera | ||
| 999 | |c 284064 |d 284062 | ||
| 952 | |0 0 |1 0 |4 0 |6 597_560000000000000_ROB_1997 |7 0 |8 CCM |9 327801 |a BIBCUR |b BIBCUR |d 2019-11-20 |i 3569209 |o 597.56 ROB 1997 |p 3569209 |r 2025-04-22 |w 2019-11-20 |y BK |k CIM | ||